| 000 | 00874nam a22002657a 4500 | ||
|---|---|---|---|
| 999 |
_c130123 _d130123 |
||
| 003 | dpl | ||
| 005 | 20190223150244.0 | ||
| 008 | 180523b xxu||||| |||| 00| 0 eng d | ||
| 010 | _aB-226881 | ||
| 020 | _c150.00 | ||
| 035 | _aB-226881, B-226903, B-226891 ,B-226888,B-226905 | ||
| 037 | _bCen Lib/Ret | ||
| 040 |
_aDPL _bEN _c0 |
||
| 082 |
_a959.1 _bTIW |
||
| 100 |
_aTiwari, Arun K. _9104434 |
||
| 245 |
_aGlitter n gold : _cby Arun K.Tiwari,U Kyi Thein [and] P Krishnam Raju _bpositioning Myanmer in a globalized world / |
||
| 260 |
_bOceans Books _c2005 _aNew Delhi |
||
| 270 |
_a4/19, Asaf Ali Road _bNew Delhi _e110002 |
||
| 300 |
_a102p. : _c20cm(Hb) _bcol.ill. |
||
| 650 |
_aMyanmar--History _9104435 |
||
| 650 |
_aMyanmar 2030 _928350 |
||
| 700 |
_aThein, U Kyi _928351 |
||
| 700 |
_aP Krishnam Raju _928352 |
||
| 942 |
_2ddc _cEN _h959.1 _mTIW |
||